Pahumara habir baat, jatuka patar dare aru aognigarva (Record no. 3169)

MARC details
000 -LEADER
fixed length control field 00550cam a2200193ua 4500
001 - CONTROL NUMBER
control field 3326
005 - DATE AND TIME OF LATEST TRANSACTION
control field 20260515113649.0
008 - FIXED-LENGTH DATA ELEMENTS--GENERAL INFORMATION
fixed length control field 111017n ii |||gr||||Z||||||asm
040 ## - CATALOGING SOURCE
Transcribing agency MAIN
082 ## - DEWEY DECIMAL CLASSIFICATION NUMBER
Classification number 891.4513
100 1# - MAIN ENTRY--PERSONAL NAME
Personal name Malik, Seyed Abdul,
Relator term Author.
245 11 - TITLE STATEMENT
Title Pahumara habir baat, jatuka patar dare aru aognigarva
Statement of responsibility, etc. by Seyed Abdul Malik
250 ## - EDITION STATEMENT
Edition statement 2nd.
260 ## - PUBLICATION, DISTRIBUTION, ETC.
Place of publication, distribution, etc. Guahati:
Name of publisher, distributor, etc. LBS Publication,989.
300 ## - PHYSICAL DESCRIPTION
Extent 255p:
Dimensions 23cm.
653 ## - INDEX TERM--UNCONTROLLED
Uncontrolled term Assamese novel
653 ## - INDEX TERM--UNCONTROLLED
Uncontrolled term Pahumara habir baat, jatuka patar dare aru aognigarva
942 ## - ADDED ENTRY ELEMENTS (KOHA)
Koha item type Books
Holdings
Withdrawn status Lost status Damaged status Not for loan Home library Current library Shelving location Date acquired Total checkouts Full call number Barcode Date last seen Date last checked out Copy number Price effective from Koha item type
        Naharkatiya College Library Naharkatiya College Library General stacks 09/19/2020 1 891.4513 | MAL 9961 01/10/2022 01/04/2022 1 09/19/2020 Books